| 000 | 00406nam a22001217a 4500 | ||
|---|---|---|---|
| 082 | _a200 THE | ||
| 100 |
_aMuhammad Ammar _948096 |
||
| 245 | _aTH-SOF-1487-Learning Based Segmentation of Skin Lesion from Dermoscopic Images | ||
| 260 |
_aIslamabad _bNUST College of EME _c2018 |
||
| 650 |
_a MS-COMPUTER ENGINEERING-85 MSTHESIS _969445 |
||
| 700 |
_aSupervisor Dr. Muhammad Usman Akram _969721 |
||
| 942 | _cCF | ||
| 999 |
_c577436 _d577436 |
||